El `inquiridor` económico (Record no. 143844)

MARC details
000 -LEADER
campo de control de longitud fija 00767nam a2200217 4500
001 - NÚMERO DE CONTROL
campo de control 143844
003 - IDENTIFICADOR DE NÚMERO DE CONTROL
campo de control ES-MaACL
005 - FECHA Y HORA DE LA ÚLTIMA TRANSACCIÓN
campo de control 20230906200904.0
007 - CAMPO FIJO DE DESCRIPCIÓN FÍSICA--INFORMACIÓN GENERAL
campo de control de longitud fija t|
008 - DATOS DE LONGITUD FIJA--INFORMACIÓN GENERAL
campo de control de longitud fija 070214s1977 sp r ||||1| spa d
100 1# - ENTRADA PRINCIPAL--NOMBRE DE PERSONA
Nombre de persona Shackle, George L. S.
9 (RLIN) 105977
245 13 - MENCIÓN DEL TÍTULO
Título El `inquiridor` económico
Resto del título : ciento sesenta y cuatro preguntas sobre Economía /
Mención de responsabilidad, etc. George L. S. Shackle ; versión... de Pedro Egurbide ; revisión de José Vergara.
260 ## - PUBLICACIÓN, DISTRIBUCIÓN, ETC.
Lugar de publicación, distribución, etc. Madrid :
Nombre del editor, distribuidor, etc. Alianza,
Fecha de publicación, distribución, etc. 1977 (
Fabricante H. de E. Minuesa)
300 ## - DESCRIPCIÓN FÍSICA
Extensión 149 p. ;
Dimensiones 20 cm.
490 1# - MENCIÓN DE SERIE
Mención de serie Alianza Universidad ;
Designación de volumen o secuencia 180
700 1# - ENTRADA AGREGADA--NOMBRE PERSONAL
Nombre de persona Egurbide, Pedro.
9 (RLIN) 46767
700 1# - ENTRADA AGREGADA--NOMBRE PERSONAL
Nombre de persona Vergara, José.
9 (RLIN) 114083
830 0# - PUNTO DE ACCESO ADICIONAL DE SERIE-TÍTULO UNIFORME
Título uniforme Alianza Universidad ;
Designación de volumen o secuencia 180
9 (RLIN) 177276
852 ## - LOCALIZACIÓN
Ubicación ES-MaACL
Número de control de estantería A-7176
Sublocalización o colección R.96220
Holdings
Estatus retirado Estado de pérdida Estado de daño No para préstamo Biblioteca de origen Biblioteca actual Ubicación en estantería Fecha de adquisición Fuente de adquisición Total de préstamos Signatura topográfica completa Código de barras Visto por última vez Precio de reemplazo Tipo de ítem Koha
        Biblioteca del Ateneo de Madrid Biblioteca del Ateneo de Madrid Sala Pecera Planta 1 17/01/2008     A-7176 1149659 23/02/2023 23/02/2023 Libro impreso